|
|
|
|
| LEADER |
01121pam a22002898a 4500 |
| 001 |
00046443 |
| 005 |
20210222160200.0 |
| 008 |
170515s2012 ||||||Viesd |
| 020 |
# |
# |
|a 9786049931932
|c 114000
|
| 041 |
0 |
# |
|a Vie
|
| 082 |
1 |
4 |
|a 541
|b TH300NGH
|
| 245 |
1 |
0 |
|a Thí nghiệm hóa lý
|c Cao Hồng Hà (ch.b.); Trần Thị Thanh Thủy, Lê Trọng Huyền,... [và những người khác]
|
| 260 |
# |
# |
|a Hà Nội
|b Bách khoa Hà Nội
|c 2020
|
| 300 |
# |
# |
|a 195tr.
|c 24cm
|
| 653 |
# |
# |
|a Hóa lý
|
| 653 |
# |
# |
|a Thí nghiệm
|
| 700 |
# |
# |
|a Cao Hồng Hà
|e Chủ biên
|
| 700 |
# |
# |
|a Trần Vân Anh
|
| 700 |
# |
# |
|a Lê Trọng Huyền
|
| 700 |
# |
# |
|a Nghiêm Thị Thương
|
| 700 |
# |
# |
|a Nguyễn Ngọc Tuệ
|
| 700 |
# |
# |
|a Nguyễn Thu Hà
|
| 700 |
# |
# |
|a Phạm Văn Tiến
|
| 700 |
# |
# |
|a Trần Thị Thanh Thủy
|
| 852 |
# |
# |
|j KD.0027819
|j KM.0035253
|j KM.0035254
|j KM.0035255
|j KM.0035256
|j KM.0035257
|j KM.0035258
|j KM.0035259
|j KM.0035260
|j KM.0035261
|
| 910 |
# |
# |
|d 22/02/2021
|
| 980 |
# |
# |
|a Trung tâm Học liệu Lê Vũ Hùng, Trường Đại học Đồng Tháp
|